Red river and the blue river (Record no. 3460)

MARC details
000 -LEADER
fixed length control field 00484cam a2200193ua 4500
001 - CONTROL NUMBER
control field 3621
005 - DATE AND TIME OF LATEST TRANSACTION
control field 20260515113715.0
008 - FIXED-LENGTH DATA ELEMENTS--GENERAL INFORMATION
fixed length control field 111128n ii |||gr||||Z||||||eng
040 ## - CATALOGING SOURCE
Transcribing agency MAIN
082 ## - DEWEY DECIMAL CLASSIFICATION NUMBER
Classification number 910.54162
100 ## - MAIN ENTRY--PERSONAL NAME
Personal name Barua, Hem,
Relator term Author.
245 11 - TITLE STATEMENT
Title Red river and the blue river
Statement of responsibility, etc. by Hem Barua
250 ## - EDITION STATEMENT
Edition statement 3rd.
260 ## - PUBLICATION, DISTRIBUTION, ETC.
Place of publication, distribution, etc. Calcutta:
Name of publisher, distributor, etc. Lawyers book stall,962.
300 ## - PHYSICAL DESCRIPTION
Extent 205p:
Dimensions 23cm.
653 ## - INDEX TERM--UNCONTROLLED
Uncontrolled term History
653 ## - INDEX TERM--UNCONTROLLED
Uncontrolled term Red river and the blue river
942 ## - ADDED ENTRY ELEMENTS (KOHA)
Koha item type Books
Holdings
Withdrawn status Lost status Damaged status Not for loan Home library Current library Shelving location Date acquired Total checkouts Full call number Barcode Date last seen Copy number Price effective from Koha item type
        Naharkatiya College Library Naharkatiya College Library General stacks 09/19/2020   910.54162 | BAR 8858 09/19/2020 1 09/19/2020 Books